[Event "Zadar op-B 23rd"]
[Site "Zadar"]
[Date "2016.12.16"]
[Round "8"]
[White "Vidovic, Ante"]
[Black "Totic, Zeljko"]
[Result "1-0"]
[WhiteElo "2093"]
[BlackElo "1968"]
[PlyCount "75"]
[EventDate "2016.12.11"]
[EventType "swiss"]
[EventRounds "9"]
[EventCountry "CRO"]
[SourceTitle "CBM 176 Extra"]
[Source "ChessBase"]
[SourceDate "2017.03.02"]
[SourceVersion "1"]
[SourceVersionDate "2017.03.02"]
[SourceQuality "1"]

1. Nf3 Nf6 2. g3 d5 3. Bg2 g6 4. d3 Bg7 5. 0-0 0-0 6. Nbd2 b6 7. e4 Bb7 8. e5 Nfd7 9. Re1 e6 10. Nf1 c5 11. Bf4 Nc6 12. h4 h5 13. N1h2 Qc7 14. Qe2 Rfe8 15. c3 a5 16. a3 a4 17. Rac1 b5 18. d4 Ba6 19. Qd2 Na5 20. Rc2 Nc4 21. Qc1 Rec8 22. g4 Qb6 23. gxh5 gxh5 24. Bh6 Qd8 25. Qf4 Qf8 26. Bg5 b4 27. cxb4 cxb4 28. axb4 Qxb4 29. Bf6 Bxf6 30. exf6 Kf8 31. Qh6+ Ke8 32. Qxh5 Nf8 33. Rce2 Rc6 34. Ne5 Nxe5 35. Rxe5 Qxb2 36. Bxd5 Rc1 37. Bxa8 Rxe1+ 38. Rxe1 1-0

[Event "Zadar op-B 19th"]
[Site "Zadar"]
[Date "2012.12.16"]
[Round "1"]
[White "Mihalinec, Damir"]
[Black "Totic, Zeljko"]
[Result "1-0"]
[WhiteElo "2235"]
[BlackElo "1925"]
[PlyCount "121"]
[EventDate "2012.12.16"]
[EventType "swiss"]
[EventRounds "9"]
[EventCountry "CRO"]
[SourceTitle "EXT 2014"]
[Source "ChessBase"]
[SourceDate "2013.11.20"]
[SourceVersion "1"]
[SourceVersionDate "2013.11.20"]
[SourceQuality "1"]

1. c4 d5 2. Nf3 Nf6 3. g3 e6 4. Bg2 Nbd7 5. b3 c6 6. 0-0 Be7 7. Bb2 0-0 8. d3 Re8 9. Nbd2 b6 10. a3 Bb7 11. b4 c5 12. Rb1 cxb4 13. axb4 a6 14. Qb3 b5 15. cxb5 axb5 16. Nd4 Ra4 17. Bc3 Qb6 18. Ra1 Rea8 19. Rxa4 Rxa4 20. Rb1 g6 21. Nc2 e5 22. d4 e4 23. Qb2 Qc6 24. Nb3 Ra8 25. Na5 Qc7 26. Bd2 Nb6 27. Na3 Ba6 28. Rc1 Nc4 29. N3xc4 dxc4 30. Bf4 Qd7 31. Be5 Rc8 32. h3 Nd5 33. Bxe4 Nxb4 34. d5 Bc5 35. Bh8 Bf8 36. Bc3 Qe7 37. Bf3 Nxd5 38. Bxd5 b4 39. Nc6 Rxc6 40. Bxc6 bxc3 41. Qa2 Bc8 42. Rxc3 Bxh3 43. Qxc4 h5 44. Bd5 Bg4 45. Re3 Qa7 46. Kg2 Kg7 47. Qc3+ Kg8 48. Qf6 Qd7 49. Qxg6+ Bg7 50. Qe4 Bf5 51. Qe8+ Qxe8 52. Rxe8+ Bf8 53. e4 Bh7 54. f4 Kg7 55. Rd8 Bg8 56. Kf3 Be7 57. Rd7 Ba3 58. e5 Kf8 59. f5 Bb2 60. f6 Ke8 61. Bc6 1-0